000 00527nam a22001697a 4500
005 20251108165021.0
008 250721s1993 xx 000 0 ara d
082 1 4 _a539.76/فتح
100 1 _aالبديوي، فتحي
245 1 0 _aعالم النواة و بداية عصرها في مصر /
264 1 _aالقاهره :
_bالهيئة المصرية العامة للكتاب،
_c1993.
300 _a358ص
650 1 7 _aالذرات
650 1 7 _aالفيزياء الذرية
942 _2ddc
_cBK
999 _c19992
_d19992